00925naa#a2200169#i#4500001001600000005001700016011001400033100004100047102000700088200029200095210020500387215001000592608004500602675005200647700002600699856003000725RU\\bibl\12142720260516184805.6##a1994-4683##a20230531b2023####ek#y0rusy0150####ca##aRU1#aФОРМИРОВАНИЕ СОГЛАСОВАННОСТИ ДЕЙСТВИЙ ГРЕБЦОВ НА ШЛЮПКАХ ЯЛ-6 С ИСПОЛЬЗОВАНИЕМ ТРЕНИРОВОЧНОГО УСТРОЙСТВА ДЛЯ ПАРНОЙ СЦЕПКИ СПОРТСМЕНОВeЖурнальная статья1#aМоскваcНациональный государственный Университет физической культуры, спорта и здоровья им. П.Ф. Лесгафтаd2023##a5 с.##aЖурнальная статья2local##aГребной спорт. Гребля. 797.12#1aКрупновgА Е4#auchzapiski.lesgaft.spb.ru